000 00839nam a2200253Ia 4500
003 OSt
005 20220923220050.0
006 a|||||r|||| 00| 0
007 ta
008 220922b |||||||| |||| 00| 0 hin d
024 _a183,964
037 _cTextual
040 _aARTS
_cARTS
_bhin
041 _2hin
_ahin
082 _aO152,1N18x, N1
100 _aडालमिया, दिनेशनंदिनी
245 0 _aहिरण्यगर्भा
246 _aHiraṇyagarbhā
260 _aनई दिल्ली
_b राधाकृष्ण प्रकाशन
_c1991
300 _a79 पृ.
_ccm.
650 _aहिन्दी साहित्य
_9156264
942 _hO152,1N18x, N1
_cTEXL
_2CC
999 _c337263
_d337263